000 01031cam a22003134a 4500
001 14385445
005 20250129191823.0
008 060522s2008 pauab b 001 0 eng
020 _a1416028056
020 _a9781416028055
020 _a9781416044789 (Premium ed.)
020 _a1416044787 (Premium ed.)
020 _a9780808923770 (International ed.)
020 _a0808923773 (International ed.)
050 0 0 _aRC46
_b.C423 2008
082 0 0 _a616
_222
245 0 0 _aCecil medicine /
_cedited by Lee Goldman, Dennis Ausiello.
250 _a23rd ed.
260 _aPhiladelphia :
_bSaunders Elsevier,
_cc2008.
300 _axxxiii, 3078 p. :
_bill. (some col.), maps (some col.) ;
_c30 cm.
500 _a"An Expert Consult title"--Cover.
500 _aRev. ed. of: Cecil textbook of medicine.
650 0 _aInternal medicine.
650 1 2 _aMedicine.
700 1 _aCecil, Russell L.
_q(Russell La Fayette),
_d1881-1965.
700 1 _aGoldman, Lee,
_cMD.
700 1 _aAusiello, D. A.
942 _2lcc
_cBK
_e23rd ed.
_n0
999 _c3234
_d3234